[Event "OP-2013-0-02733"]
[Site "LSS email"]
[Date "2013.04.15"]
[Round "?"]
[White "Gajic, Sladjan"]
[Black "Gatoss, Marco"]
[Result "1-0"]
[WhiteElo "1808"]
[BlackElo "800"]
[PlyCount "53"]
[EventDate "2013.04.12"]
[EventType "tourn (corr)"]
[EventRounds "4"]
[EventCountry "GER"]
[SourceTitle "Telechess CBM 161"]
[Source "ChessBase"]
[SourceDate "2014.07.16"]
[SourceVersion "1"]
[SourceVersionDate "2014.07.16"]
[SourceQuality "1"]

1. d4 d5 2. c4 e6 3. Nc3 Nf6 4. Nf3 c5 5. cxd5 exd5 6. g3 Be7 7. Bg2 0-0 8. 0-0 Nc6 9. Bg5 Ne4 10. Bxe7 Qxe7 11. Nxd5 Qd6 12. dxc5 Qxc5 13. Rc1 Qa5 14. Qd3 Re8 15. Rfd1 Bf5 16. Ng5 Nd6 17. Qc3 Qd8 18. h4 Ne4 19. Qd3 Nxg5 20. Qxf5 Re5 21. Qd3 Ne6 22. f4 Rh5 23. Qe3 Qf8 24. Bf3 Rh6 25. f5 Ned8 26. Rc4 f6 27. Nc7 1-0

[Event "OP-2013-0-02733"]
[Site "LSS email"]
[Date "2013.04.15"]
[Round "?"]
[White "Lenz, Juergen"]
[Black "Gatoss, Marco"]
[Result "1-0"]
[WhiteElo "1083"]
[BlackElo "800"]
[PlyCount "40"]
[EventDate "2013.04.12"]
[EventType "tourn (corr)"]
[EventRounds "4"]
[EventCountry "GER"]
[SourceTitle "Telechess CBM 161"]
[Source "ChessBase"]
[SourceDate "2014.07.16"]
[SourceVersion "1"]
[SourceVersionDate "2014.07.16"]
[SourceQuality "1"]

1. d4 d5 2. Nf3 Nf6 3. Bf4 e6 4. e3 c5 5. c3 Nc6 6. Nbd2 Be7 7. h3 0-0 8. Bd3 c4 9. Bc2 Bd6 10. Bxd6 Qxd6 11. e4 dxe4 12. Nxe4 Nxe4 13. Bxe4 f5 14. Bc2 b5 15. Qe2 Bb7 16. 0-0 Rae8 17. Rfe1 Nd8 18. Ne5 Qd5 19. f3 Nc6 20. a4 Nxe5 1-0